MDQL
is popping MORE tags! Check the
thread
!
Quizzes
Events
Quiz Creation
Community
Videos
Private Events
Remove Ads
Sign In
Join for FREE
Feedback
Dark Mode
Quiz Categories
Sports
Geography
Music
Movies
Television
Just For Fun
Miscellaneous
History
Literature
Language
Science
Gaming
Entertainment
Religion
Holiday
For Kids
Quiz Lab
Recent
Popular Today
Quiz Kudos Today
Editor Picks
Curator Picks
Quizzes by...
Day
Popularity
Type
Ratings
Length
Year
Community
Subscriptions
Recent Discussions
Orange Saloon
Badges
Playlists
Quests
Create
Leaderboards
Showdown
Live 5
Trivia Bingo
Activity
Puzzle Library
Sporcle Events
Private Events
Virtual Trivia
Globe League
Become a Host
Pub Owners
SporcleCon
Opinionation
Our Games
Videos
Blog
Mobile Apps
Partnerships
Remove Ads and Go Orange
Feedback
Television
TV Characters
TV Show
Sitcom
Network
Friends
Reality Shows
Cast
South Park
Star Trek
The Simpsons
Doctor Who
Television
TV Characters
TV Show
Sitcom
Network
Friends
Reality Shows
Cast
South Park
Star Trek
The Simpsons
Doctor Who
Random Quiz
Search Sporcle
×
Quiz Lab
Quiz Lab
Television
Show
Type in answers that appear in a list
Type in answers that appear in a list
Classic
Best Score? Go Orange.
TV shows from the 90's and 2000's Stats
Can you name the TV shows from the 90's and 2000's?
By
mcanesfan129
5m
20 Questions
1,069 Plays
1,069 Plays
1,069 Plays
Comments
Comments
Give Quiz Kudos
Give Quiz Kudos
-
- Ratings
hide this ad
Forced Order
Answers have to be entered in order
Answers have to be entered in order
Random Order
Randomize order of answers
Randomize order of answers
Replay
Link that replays current quiz
Next Quiz
Link to next quiz in quiz playlist
You Got
0%
They Got
Avg Score
60%
Avg Friend Score
Upgrade to see
Score Distribution
Jump to the score distribution portion of the page
Score
0/20
Timer
05:00
0
Plays Today
Description
Show
% Correct
Show about six people living in New York City
Friends
85.3%
Show about the inter-
workings of a paper and office supply company
The Office
81.1%
Show about an author and her three friends dating in New York City
Sex and the City
77.9%
Show about a truck driver that lives in Queens with his wife and her father
The King of Queens
76.3%
Show about a big family in San Francisco
Full House
75%
Show about a woman and her gay bestfriend
Will & Grace
74%
Show about an African-
American family that lives in Chicago and has a nerdy neighbor
Family Matters
72.7%
Show about two adult brothers and a teenage boy
Two and a Half Men
69%
Show about a teenage boy who is forced to move in with his aunt and uncle
Fresh Prince of Bel-Air
65.9%
Show about nothing
Seinfeld
64%
Description
Show
% Correct
Show about a sports writer with overbearing parents
Everybody Loves Raymond
60.1%
Show about a group of kids who are very close with their principal
Saved by the Bell
60.1%
Show about a group of kids that grow up having the same teacher their whole lives
Boy Meets World
58.9%
Show about a group of students who study together at a community college
Community
56.6%
Show about the behind-
the-
scenes workings of a sketch comedy series
30 Rock
54.4%
Show about a woman who takes care of a Broadway musical producer's kids
The Nanny
50.3%
Show about a step family living in Wisconsin
Step by Step
42.9%
Show about a doctor who constantly has crazy fantasies
Scrubs
37.9%
Show about a married man with three children, one of whom has an unusually large head
My Wife and Kids
25.4%
Show about a woman who hangs out with the people in her cul de sac and drinks wine
Cougar Town
24.1%
Quiz Playlist
Details
Report
Send in Message
Add To Playlist
Classic:
Type in answers that appear in a list
Forced Order:
Answers have to be entered in order
Random Order:
Randomize order of answers
Last Updated: Feb 16, 2017
Quiz Scoreboard
CHALLENGE
Sign Up to Join the Scoreboard
Show All
Scores
Hide
Comments
May contain spoilers
Recently Published
Image Sorting: Flags VI
by Barbecue
Geography
2m
Find the 'City' Movie
by crazypaving
Movies
60s
Colored Red Africa Blitz
by spor1
Geography
45s
More to Explore
Quiz From the Vault
Featured Blog Post
14 Easter Pick-up Lines to Find Eggs With
hide this ad
You Might Also Like...
Tags
Show Quiz
2000
description
Today's Top Quizzes in Television
Browse Television
hide this ad
Today's Top Quizzes in Show
Browse Show
Top Contributed Quizzes in Television
1
Survivor Journey Challenge
2
Brooklyn Nine Nine Logic Puzzle (How-To-Play)
3
Total Drama Characters
4
Phoebe Buffay Quotes
5
Survivor Heroes vs. Villains Logic Puzzle
6
Adjectives in 00s TV Shows
7
Survivor Trivia
8
Game of Thrones: Tywin Lannister Start to Finish
9
Emmerdale Characters (from August 2012)
10
Survivor Logic Puzzle: Heroes vs. Villains
Explore More
Trending Topics
Crossword
Marvel
Disney
Harry Potter
NBA
Anime
Kpop
WWE
Puzzle
NFL
Country
Soccer
Song
The Office
Pokémon
hide this ad
More By:
mcanesfan129
Quiz
Plays
Rating
Category
Featured
Created
TV shows from the 90's and 2000's
1,069
3.29
Television
Oct 22, 2011
Go to Creator's Profile
Score Distribution
Quiz Creator Spotlight
mcanesfan129
Follow
Send a Message
Quizzes Created
-
Created Quiz Play Count
-
More By This Creator
Popular Quizzes Today
1
Colored Red Africa Blitz
2
Find the US States - No Outlines Minefield
3
Find the 'City' Movie
4
5x2 Blitz: Bands
5
The Countries of the World
6
Find the US States
7
Find the Countries of Europe - No Outlines Minefield
8
US States
More Television Quizzes
Adult Animated TV Sorting Gallery
Editor's Pick
Trending Quizzes
Colored Red Europe Blitz I
Colored Red Europe Blitz II
Colored Red Africa Blitz II
Colored Red Europe Blitz III
Colored Red Africa Blitz III
Recently Updated
How Do You Spell That?
pecheneg
Godzilla Movies
pecheneg
Grab Bag: 4-10 Letters
pecheneg
2024 March Madness Bracket
pecheneg
Famous TV Couples
Peacemaker
Champions League XIs: Real Madrid
pecheneg
Largest US Cities 1790-2010
pecheneg
Rides in Walt Disney World
pecheneg
Most Oscar Losses (Acting)
pecheneg
Beyoncé Albums
pecheneg
Trending Topics
Marvel
Anime
Harry Potter
Kpop
Crossword
Disney
NBA
The Office
Puzzle
WWE
Pokémon
Country
Song
NFL
Soccer
Your Account Isn't Verified!
In order to create a playlist on Sporcle, you need to verify the email address you used during registration. Go to your
Sporcle Settings
to finish the process.
Report this User
Report this user for behavior that violates our
Community Guidelines
.
Details:
Send Report
Go to the Sporcle.com Mobile Site →
Comments